000 00356nam a2200145Ia 4500
008 210716s2003 xx 000 0 und d
020 _a8120324137
041 _aeng
082 _a004.68 NIIT
245 _aWorking with novell netware.
250 _a1
260 _aNew Delhi
_bPrentice Hall of India PVt Ltd.
_c2003
300 _ax,498
650 _aNone
999 _c185884
_d185884